000 00530cam a2200193ua 4500
001 2779
008 120130n ii |||gr||||Z||||||asm
040 _cMAIN
082 _a891.4512
100 _aMadhavadeva,
_eAuthor.
245 1 1 _aRam vijaya nat :
_bcordhara and pimpara gucowa jhumura /
_cby Madhavadeva
250 _a1st.
260 _aDibrugarh:
_bstudents emporium,993.
300 _a88p:
_c23cm.
653 _aAssamese drama
653 _aRam vijaya nat
700 _aGoswami, Kesavananda deva,
_eEditor.
942 _cBK
999 _c2628
_d2628